00478nam a22001692 4500001001100000005001700011008004100028020001700069040001500086100003000101245007600131250001300207260003500220300001800255651003200273852000300305000002429820151217155915.0130626s xx 000 0 eng d a9966940189 : aKABUcKABU1 aMatson, A. T.@000018429010aNandi resistance to British rule :bthe volcano erupts /cA. T. Matson. a1st ed. aNairobi :bTransafrica,c2009. axxiv, 200 p. 0aKenyaxHistory.@00001487271